Music Quiz

Random Music or This or That Quiz

Rock Album or Rock Band? Quiz Stats

Quiz Updated Jun 2, 2015

Challenge
Share
Tweet
Embed
Score 0/40 Timer 05:00
0 Plays Today
Name (A)lbum or (B)and? % Correct
Flogging Molly???
77.1%
Hail to the Thief???
74.5%
Raising Hell???
70.7%
Double Nickels on the Dime???
69.6%
Bring the Family???
68.1%
Super Furry Animals???
68%
The Brian Jonestown Massacre???
67.2%
In My Tribe???
66.8%
Type O Negative???
65.3%
Younger Than Yesterday???
64.8%
The Family That Plays Together???
64.5%
The Downward Spiral???
64%
Neutral Milk Hotel???
63.8%
TV on the Radio???
63.1%
Dreamboat Annie???
63%
Colour by Numbers???
62.9%
The Mr. T Experience???
62.4%
Surrealistic Pillow???
62.2%
The Captain and Me???
62%
Candy Apple Grey???
61.7%
Name (A)lbum or (B)and? % Correct
Guided by Voices???
61%
Digable Planets???
60.1%
Screamadelica???
60%
White Blood Cells???
59.8%
Hounds of Love???
59.3%
Alien Sex Fiend???
57.9%
The Soft Bulletin???
57.7%
Sunny Day Real Estate???
56.5%
The Dismemberment Plan???
53.6%
Plastic Surgery Disasters???
51%
Bare Trees???
50.7%
Black Moth Super Rainbow???
50.4%
African Head Charge???
48.8%
Half Man Half Biscuit???
48.1%
The Future Sound of London???
47.9%
Godspeed You! Black Emperor???
47.8%
Streetlight Manifesto???
45.8%
Sleepytime Gorilla Museum???
43.6%
Flying Cowboys???
37.5%
At the Gates???
33.1%

You're not logged in!

Compare scores with friends on all Sporcle quizzes.
Join for Free
OR
Log In

You Might Also Like...

Show Comments

Extras

Top Quizzes Today


Score Distribution

Your Account Isn't Verified!

In order to create a playlist on Sporcle, you need to verify the email address you used during registration. Go to your Sporcle Settings to finish the process.

Report this User

Report this user for behavior that violates our Community Guidelines.

Details: